Normal view MARC view
  • Ilmi Kitab Khana

Entry Corporate Name

Number of records used in: 1

001 - CONTROL NUMBER

  • control field: 36063

003 - CONTROL NUMBER IDENTIFIER

  • control field: NUST

005 - DATE AND TIME OF LATEST TRANSACTION

  • control field: 20210312152104.0

008 - FIXED-LENGTH DATA ELEMENTS

  • fixed length control field: 210312|| aca||aabn | a|a d

040 ## - CATALOGING SOURCE

  • Original cataloging agency: NUST
  • Transcribing agency: NUST

110 ## - HEADING--CORPORATE NAME

  • Corporate name or jurisdiction name as entry element: Ilmi Kitab Khana

670 ## - SOURCE DATA FOUND

  • Source citation: Work cat.: (NUST)15098: Ilmi Kitab Khana, Integral Calculus for B.A. & Bsc. Students of Pakistani Universities
© 2023 Central Library, National University of Sciences and Technology. All Rights Reserved.